Tracklist Album Ocho (Deluxe)-SDM - Statistiques

Statistiques générales
  • Ce quiz a été pris 202 fois
  • Le résultat moyen est 14 sur 26
Statistiques - réponses
Hint Réponse % Correct
(ft; Booba) Daddy
89%
(ft. Maes) Passat
84%
(ft.Bilton, Booba,Green Montana et Sicario) 92i
74%
(ft. PLK) Le bruit des applaudissements
73%
(ft. Koba la D) Titulaires
72%
Yakalelo
63%
Rihanna
59%
Intro
56%
Love
55%
Van Damme
53%
(ft. Booba) La zone
52%
#Malentouré
52%
Keur Nwar
51%
Prince de la Calle
50%
Cello
49%
Radio
45%
100-Ocho
44%
Appelez les pim'pom
43%
(ft. Fally Ipupa) Droit de véto
43%
(ft. Bramsito) Game Over
43%
Rentrer
41%
La vie de rêve
36%
Invictus
35%
A l'affut
34%
Compte sur moi
33%
Mot Final
33%
Aucun quiz correspondant
Distribution des résultats
% des personnes avec chaque résultat
Percentile par nombre de réponses
Votre historique - résultats
Vous n’avez pas pris ce quiz